000 003190000a22001450004500
003 MACL
040 _aMACL
090 _c31716
_d31714
100 _aSudha Publications
245 _aOBject Indian History
260 _bSudha Publications
_c2001
650 _aHistory
942 _cBOOK
_k954/Sud
951 _o954/Sud BOOK
999 _c31396
_d31396